000 00593nam a2200241 a 4500
001 nice12345678
003 IN_TiNIC
005 20260116012917.0
008 050524s1986 dela grp 000 0 eng
020 _a
_c175
082 0 0 _a340.59
_bAHA
100 _aAhangar, M Altaf Hussain
245 _aCustomary Succession Among Muslims
260 _aDelhi
_bUppal Pub.House
_c1986
300 _a255p
500 _aincludes index and biblioraphy
505 2 _aIndexes
650 _aIslamic-Law
700 1 _aAhangar, M Altaf Hussain
902 _bSRS
942 _cBK
999 _c8857
_d8857